Statistiques concernant Gares françaises en "cul-de-sac"

Cliquez ici pour prendre le quiz!

Statistiques générales

  • Ce quiz a été pris 298 fois
    (253 depuis la dernière actualisation)
  • Le résultat moyen est 12 sur 19

Statistiques - réponses

Fréquentation (2016)Gare% Correct
100 422 000Paris Lyon
96%
206 691 000Paris Nord
96%
53 593 000Paris Montparnasse
95%
33 163 000Paris Est
94%
107 941 000Paris Saint-Lazare
93%
12 206 000Marseille Saint-Charles
87%
22 826 000Paris Austerlitz
82%
18 023 000Lille Flandres
79%
1 634 000Brest
76%
1 600 000Le Havre
63%
3 391 000Paris Bercy
63%
5 156 000Tours
52%
3 419 000Orléans
47%
1 652 000Dunkerque
40%
1 090 000Saint-Malo
35%
1 324 000Lyon Saint-Paul
18%
4 932 000Versailles Rive Droite
14%
7 655 000Versailles Rive Gauche - Château
14%
6 193 000Cergy-le-Haut
13%

Distribution des résultats

Percentile par nombre de réponses

% des personnes avec chaque résultat

Votre développement - résultats

Vous n’avez pas pris ce quiz depuis la dernière actualisation